|
|
|
|
| LEADER |
00000nam0a2200000 4500 |
| 001 |
325597 |
| 005 |
20231102003758.0 |
| 035 |
|
|
|a (RuTPU)RU\TPU\book\351212
|
| 090 |
|
|
|a 325597
|
| 100 |
|
|
|a 20161208d1965 k y0rusy50 ca
|
| 101 |
0 |
|
|a rus
|
| 102 |
|
|
|a RU
|
| 105 |
|
|
|a a z 001zy
|
| 200 |
1 |
|
|a Аналоговые вычислительные устройства в автоматике
|f Т. М. Райцын
|
| 210 |
|
|
|a Москва
|a Ленинград
|c Энергия
|d 1965
|
| 215 |
|
|
|a 88 с.
|c ил.
|
| 225 |
1 |
|
|a Библиотека по автоматике
|v Вып. 138
|
| 320 |
|
|
|a Библиогр.: с. 87
|
| 606 |
1 |
|
|a Вычислительные системы аналоговые
|2 stltpush
|3 (RuTPU)RU\TPU\subj\4319
|9 32604
|
| 610 |
1 |
|
|a объекты
|
| 610 |
1 |
|
|a задачи регулирования
|
| 610 |
1 |
|
|a управляемость
|
| 610 |
1 |
|
|a регуляторы
|
| 610 |
1 |
|
|a системы автоматического регулирования
|
| 675 |
|
|
|a 681.332
|v 4
|
| 700 |
|
1 |
|a Райцын
|b Т. М.
|g Товий Маркович
|
| 801 |
|
1 |
|a RU
|b 63413507
|c 20161208
|
| 801 |
|
2 |
|a RU
|b 63413507
|c 20220516
|g RCR
|
| 942 |
|
|
|c BK
|